[Event "CAN-ch U12"]
[Site "Windsor"]
[Date "2010.07.06"]
[Round "2"]
[White "Jensen, Jacob"]
[Black "Lin, Tony"]
[Result "0-1"]
[WhiteElo "1661"]
[BlackElo "1882"]
[PlyCount "108"]
[EventDate "2010.07.06"]
[EventType "swiss"]
[EventRounds "7"]
[EventCountry "CAN"]
[SourceTitle "EXT 2012"]
[Source "ChessBase"]
[SourceDate "2011.11.24"]
[SourceVersion "1"]
[SourceVersionDate "2011.11.24"]
[SourceQuality "1"]

1. e4 c5 2. d4 cxd4 3. c3 Nf6 4. e5 Nd5 5. cxd4 Nc6 6. Bc4 e6 7. a3 d6 8. Nf3 Nb6 9. Bb5 dxe5 10. Nxe5 Bd7 11. Nxd7 Qxd7 12. 0-0 a6 13. Bxc6 Qxc6 14. Nc3 Be7 15. Be3 0-0 16. Rc1 Qd7 17. Qb3 Nd5 18. Nxd5 exd5 19. Bf4 Rac8 20. Qg3 Bf6 21. Be5 Bxe5 22. Qxe5 Rfe8 23. Rxc8 Rxc8 24. Re1 Qe6 25. g3 Re8 26. Re3 Qxe5 27. Rxe5 Rxe5 28. dxe5 f6 29. exf6 gxf6 30. f4 Kf7 31. Kf2 Ke6 32. Ke3 h5 33. h3 f5 34. Kd4 a5 35. b3 b6 36. Ke3 Ke7 37. Kd4 Kd6 38. h4 Ke6 39. Ke3 Ke7 40. Kd3 Kd7 41. Kc3 Kc6 42. Kd3 Kc5 43. Kc3 d4+ 44. Kc2 a4 45. b4+ Kc4 46. Kd2 d3 47. b5 Kd4 48. Kd1 Ke3 49. Ke1 d2+ 50. Kd1 Kd3 51. g4 fxg4 52. f5 g3 53. f6 g2 54. f7 g1Q# 0-1

[Event "CAN-ch U12"]
[Site "Windsor"]
[Date "2010.07.06"]
[Round "1"]
[White "Papadopoulos, Andrew"]
[Black "Jensen, Jacob"]
[Result "0-1"]
[WhiteElo "1005"]
[BlackElo "1661"]
[PlyCount "68"]
[EventDate "2010.07.06"]
[EventType "swiss"]
[EventRounds "7"]
[EventCountry "CAN"]
[SourceTitle "EXT 2012"]
[Source "ChessBase"]
[SourceDate "2011.11.24"]
[SourceVersion "1"]
[SourceVersionDate "2011.11.24"]
[SourceQuality "1"]

1. e3 Nf6 2. Nc3 e6 3. Nf3 d5 4. d4 c5 5. g3 Nc6 6. Bb5 Bd7 7. 0-0 a6 8. Bxc6 Bxc6 9. Ne5 Qc7 10. f4 Bd6 11. Ng4 Qe7 12. Nxf6+ Qxf6 13. b3 0-0 14. Bb2 Qe7 15. Rb1 Rac8 16. Re1 Rfd8 17. Na4 b5 18. Nb6 Rb8 19. dxc5 Bxc5 20. Qg4 f6 21. Rbd1 Bxb6 22. f5 e5 23. Kf1 Rd7 24. h4 Rbd8 25. Rd2 Qf7 26. Rh2 d4 27. Bc1 dxe3 28. Bxe3 Bxe3 29. Rxe3 Rd1+ 30. Re1 Qd5 31. c4 Qf3+ 32. Qxf3 Bxf3 33. Rf2 Rxe1+ 34. Kxe1 Rd1# 0-1

[Event "CAN-ch U12"]
[Site "Victoria"]
[Date "2009.07.22"]
[Round "3"]
[White "Wang, Richard"]
[Black "Jensen, Jacob"]
[Result "1-0"]
[WhiteElo "2045"]
[BlackElo "1635"]
[PlyCount "41"]
[EventDate "2009.07.21"]
[EventType "swiss"]
[EventRounds "7"]
[EventCountry "CAN"]
[SourceTitle "EXT 2011"]
[Source "ChessBase"]
[SourceDate "2010.11.26"]
[SourceVersion "1"]
[SourceVersionDate "2010.11.26"]
[SourceQuality "1"]

1. d4 Nf6 2. Nf3 e6 3. Bg5 b6 4. Nbd2 Bb7 5. c3 h6 6. Bh4 g5 7. Bg3 Ne4 8. Nxe4 Bxe4 9. Nd2 Bb7 10. e4 f5 11. Qh5+ Ke7 12. exf5 exf5 13. 0-0-0 Bg7 14. Re1+ Kf8 15. Bxc7 Qc8 16. Bd6+ Kg8 17. Bc4+ Kh7 18. Bf7 Rd8 19. Qg6+ Kh8 20. Be5 Bxe5 21. Qxh6# 1-0

[Event "Victoria Grand Pacific op 2nd"]
[Site "Victoria"]
[Date "2008.03.22"]
[Round "3"]
[White "Jensen, Jacob"]
[Black "Escandor, Manuel Omana"]
[Result "1/2-1/2"]
[WhiteElo "1370"]
[BlackElo "1809"]
[PlyCount "103"]
[EventDate "2008.03.21"]
[EventType "swiss"]
[EventRounds "6"]
[EventCountry "CAN"]
[SourceTitle "EXT 2011"]
[Source "ChessBase"]
[SourceDate "2010.11.26"]
[SourceVersion "1"]
[SourceVersionDate "2010.11.26"]
[SourceQuality "1"]

1. c4 e5 2. Nc3 c5 3. g3 Nf6 4. Bg2 Be7 5. Nf3 Nc6 6. 0-0 0-0 7. d3 d6 8. Be3 Rb8 9. a3 h6 10. Qa4 Bd7 11. Qc2 Qc8 12. Rfb1 a5 13. Na2 d5 14. cxd5 Nxd5 15. Bxc5 Nd4 16. Nxd4 Bxc5 17. Bxd5 Bxd4 18. Qxc8 Rfxc8 19. e3 Ba7 20. Rc1 Bc6 21. Bxc6 bxc6 22. b4 c5 23. bxa5 Rb5 24. Nc3 Rxa5 25. Ne4 Rd8 26. Rc3 f5 27. Nd2 e4 28. Nb3 Rb5 29. dxe4 fxe4 30. a4 Rb4 31. Nxc5 Rd2 32. Ne6 Rbb2 33. Rc7 Bxe3 34. fxe3 Rg2+ 35. Kf1 Rbf2+ 36. Ke1 Re2+ 37. Kd1 Rd2+ 38. Kc1 Rdf2 39. Rxg7+ Kh8 40. Rd7 Rf1+ 41. Rd1 Rxd1+ 42. Kxd1 Rg1+ 43. Kc2 Rxa1 44. Kb3 Re1 45. a5 Rxe3+ 46. Kb4 Rd3 47. a6 Rd1 48. Kb5 e3 49. Nf4 Ra1 50. Kb6 Rb1+ 51. Ka5 Ra1+ 52. Kb6 1/2-1/2

[Event "CAN-ch U10"]
[Site "Ottawa"]
[Date "2007.07.03"]
[Round "1"]
[White "Karavai, Algerd"]
[Black "Jensen, Jacob"]
[Result "0-1"]
[WhiteElo "1075"]
[BlackElo "1335"]
[PlyCount "52"]
[EventDate "2007.07.03"]
[EventType "swiss"]
[EventRounds "7"]
[EventCountry "CAN"]
[SourceTitle "EXT 2022"]
[Source "ChessBase"]
[SourceDate "2021.10.06"]
[SourceVersion "1"]
[SourceVersionDate "2021.10.06"]
[SourceQuality "1"]

1. e4 c5 2. Nf3 d6 3. Bc4 Nf6 4. Ng5 e6 5. d3 Be7 6. Nf3 0-0 7. 0-0 a6 8. Nc3 b5 9. Bb3 Bb7 10. a3 Nbd7 11. Be3 Nb6 12. h3 d5 13. e5 Nfd7 14. Bf4 Qc7 15. Re1 Rfe8 16. Ne2 Rad8 17. Rc1 c4 18. Ba2 Bc5 19. dxc4 dxc4 20. Ra1 Nf8 21. Qc1 Qc6 22. Ng3 Ng6 23. b4 cxb3 24. Bxb3 Rd4 25. Rd1 Rxd1+ 26. Qxd1 Nxf4 0-1